000 00998nam a22002417a 4500
005 20240406124652.0
010 _aB-515152-184 B-523457-459
020 _a9788184821727
_c225.00
020 _a8184821727
_c225.00
035 _aB-515152-184 B-523457-459
037 _bUBH/Ven.
082 _aS
245 _aStories from the Jatakas /
_cedited by Anant Pai; illustrated by Ashok Dongre
260 _aMumbai
_bAmar Chitra Katha
_c2012 (repr.)
270 _aKrishna House, 3rd Floor, Raghuvanshi Mill Compound, S.B. Marg, Lower Parel (W)
_bMumbai
_e400013
300 _aVol.1015, various pages :
_c24cm(Hb)
_bcol.ill.
500 _a5-in-1
505 _aBird Stories, Monkey Stories, Deer Stories, Elephant Stories, Jackal Stories
700 _aPai, Anant
_964334
942 _2ddc
_cCH
_mFUR
_hS
999 _c79661
_d79661